00899nam a22002417a 450000500170000001000130001702000230003003500130005303700160006604000120008208200170009410000360011124501310014724600930027826000700037127000870044130000200052865000220054865000270057065000210059765000180061870000210063620170123162314.0 aA-845642 c200.00a8126002476 aA-845642 bCen Lib/Ret aDPLbUR aنbد گ ل aدگگل، کرتار سنگھ  aاب نہ بسوں اہ گاؤں : cکرتار سنگھ دگگل ؛ مترجم رتن سنگھ bپنجابی ناول / aAb na basu ah gaaon : punjabi novel /bby Kartar Singh Duggal ; trasleted by Ratan Singh aنیی دہلی bایجوکیشن پبلشنگ ہاؤس c1997 bنیی دہلی aرویندرا بھوں ٣٥ فیروز شاہ مارگ e110001 a486p.c21cm(Hb) aاردو ادب  aپنجابی ناول  aUrdu literature  aPunjabi novel aرتن سنگھ